000
00253nam a2200097Ia 4500
001
1250822
005
20251031150904.0
008
251031s9999 xx 000 0 und d
245
0
_c
İSMET BERTAN
_a
J-1 MUHTEŞEM İKİLİ
260
_b
GÜNIŞIĞI YAYINLARI
999
_c
1250822
_d
1250822